00282nam a2200133Ia 4500003000400000005001700004008004100021020000800062040001700070100001800087245001900105260001500124260000900139OSt20240322154629.0170524s9999 xx 000 0 und d aNIL cIIMTU MEERUT aSidhu - G. S. 0aSports & Games bVarun Pub. c2003